000
00295nam a2200097Ia 4500
008
220204s9999 xx 000 0 und d
082
_a
339.52(058)
_b
ITC
245
0
_a
World directory of trade promotion organizations and other foreign trade bodies.1991
260
_a
Geneva
_b
ITC
_c
1991
942
_c
BK
999
_c
43669
_d
43669